000 01866nam0a2200385 4500
001 RU\NLR\bibl\305659
005 20250620150440.0
010 _a5-87901-062-7
_bВ пер.
_91000
021 _aRU
_b2002-22549
_91130
035 _a(NLR Aleph) 000300825
090 _a455
_c455
100 _a20020904d2001 |||y0rusy50 ca
101 0 _arus
_apem
102 _aRU
105 _aacg |||||||||
200 1 _aДаты, события, люди...
_eкрат. события из истории учреждений культуры, образования, здравоохранения и сведения о жизни и творчестве извест. людей округа
_e[сборник
_fсост. и ред. Л. П. Ратегова]
210 _aКудымкар
_cКоми-Перм. кн. изд-во
_d2001
215 _a309, [1] с.
_cил., портр., нот.
_d21
300 _aЧасть текста на коми-пермяц. яз.
606 0 _aБиографии
_jСправочники
_yКоми-Пермяцкий авт. окр.
_92259313
_3RU\NLR\auth\661354782
610 0 _aКультурно-просветительные учреждения - История - Справочники
610 0 _aЗдравоохранение, учреждения - История - Справочники
610 0 _aНародное образование, учреждения - История - Справочники
675 _a94(470.531)(092)(035)
_v3
_zrus
686 _a03.19
_2rugasnti
686 _a63.3(235.55)я2
_2rubbk
686 _aЯ222(2Р-4Пе-6К)
702 1 _aРатегова
_bЛ. П.
_gЛюдмила Петровна
_4220
801 0 _aRU
_bRKP
_c20020904
_gPSBO
801 1 _aRU
_bRKP
_c20020904
801 2 _aRU
_bNLR
_c20021009
_grcr
942 _cBOOK
980 _aNB